Statistiken für Bester Film - Wo und wann spielen sie?

Klicken Sie hier um das Quiz zu spielen!

Allgemein

  • Dieses Quiz wurde 100 mal gespielt
  • Das Durchschnittsergebnis liegt bei 7 aus 95

Antwortstatistiken

Ort(e)FilmJahr(e)% Korrekt
Mordor, MittelerdeDer Herr der Ringe: Die Rückkehr des KönigsDrittes Zeitalter
99%
Schottische Highlands; London, EnglandBraveheart1277 - 1314
42%
Germania / Rom, Römisches ReichGladiator180 - 181 n. Chr.
34%
Atlantischer Ozean zwischen Southampton, England und New YorkTitanic1912, 1997
33%
Casablanca, Französisch-MarokkoCasablanca1941
28%
Jerusalem, JudäaBen-Hur26 - 33 n. Chr.
23%
Seoul, SüdkoreaParasite2019 (zeitgenössisch)
22%
Schloss Kronborg, DänemarkHamlet7. Jahrhundert n. Chr.
17%
New York, Sizilien, ItalienDer Pate1945 - 1955
16%
Schlachtfelder an der deutsch-französischen GrenzeIm Westen Nichts Neues1914 - 1918
16%
Tara-Plantage / Atlanta, GeorgiaVom Winde verweht1861 - 1866
16%
Krakau, Polen; Brinnlitz, MährenSchindlers Liste1939 - 1945
14%
Saratoga Springs, New York, Eine Plantage in New Orleans12 Years A Slave1841 - 1853
13%
Wien, ÖsterreichAmadeus1781 - 1791, 1825
13%
Verschiedene Orte überall auf der WeltIn 80 Tagen um die Welt1872
13%
Land der Sioux, Dakota TerritoriumDer mit dem Wolf tanzt1865
12%
Pietermaritzburg, Südafrika; Neu-Delhi, IndienGandhi1893 - 1948
11%
Mumbai, IndienSlumdog Millionär1992 - 2006
11%
Die Upper West Side von New YorkWest Side Story1961 (zeitgenössisch)
11%
Ein durchschnittlicher Wohnblock in einem amerikanischen VorortAmerican Beauty1999 (zeitgenössisch)
10%
Peking, ChinaDer letzte Kaiser1908 - 1967
10%
Bagdad, IrakTödliches Kommando – The Hurt Locker2004
10%
Staatliches psychiatrisches Krankenhaus von OregonEiner flog über das Kuckucksnest1962
8%
Rose-Theater / Curtain Theater, London, EnglandShakespeare in Love1593
8%
Buckingham Palace / London, EnglandThe King’s Speech - Die Rede des Königs1925 - 1939
8%
Verwahrloste Stadtviertel in London, EnglandOliver1837 - 1839
7%
Simi Valley, KalifornienEverything Everywhere All At Once2022 (zeitgenössisch)
6%
Greenbow, AL; North VietnamForrest Gump1950er - 1982
6%
Kenia, Britisch-Ostafrika; Rungstedlund, DänemarkJenseits von Afrika1914 - 1937
6%
Aqaba, Jordanien; Damaskus, SyrienLawrence von Arabien1916 - 1918
6%
Tahiti / Pitcairn, PazifikMeuterei auf der Bounty1789 - 1790
6%
Vietnam, nahe der kambodschanischen GrenzePlatoon1967
6%
Princeton, New JerseyA Beautiful Mind1947 - 1994
5%
Teheran, IranArgo1979
5%
Staatliches Krankenhaus für kriminelle Geisteskranke, Baltimore, MarylandDas Schweigen der Lämmer1991 (zeitgenössisch)
5%
Boston, MassachusettsDeparted – Unter Feinden2006 (zeitgenössisch)
5%
Cambridge, England; Olympiastadion, Paris, FrankreichDie Stunde des Siegers1919 - 1924
5%
Die Straßen von Los Angeles, KalifornienL.A. Crash2005 (zeitgenössisch)
5%
Philadelphia, PennsylvaniaRocky1976 (zeitgenössisch)
5%
Times Square, New YorkAsphalt-Cowboy1969 (zeitgenössisch)
4%
New YorkBirdman oder (Die unverhoffte Macht der Ahnungslosigkeit)2014 (zeitgenössisch
4%
Cook County-Gefängnis, ChicagoChicago1927
4%
Gloucester, MassachusettsCODA2021 (zeitgenössisch)
4%
Ein Bürogebäude/Wohnung in New YorkDas Appartement1960 (zeitgenössisch)
4%
Nats Bar, New YorkDas verlorene Wochenende1945 (zeitgenössisch)
4%
Villa San Girolamo, Italien / Wüste außerhalb von Kairo, ÄgyptenDer englische Patient1937 - 1945
4%
Die Docks von Hoboken, New JerseyDie Faust im Nacken1954 (zeitgenössisch)
4%
Ein wohlhabendes Haus in Lake Forest, ILEine ganz normale Familie1980 (zeitgenössisch)
4%
Los Angeles, Kalifornien / Las Vegas, NevadaMillion Dollar Baby2004 (zeitgenössisch)
4%
Nevada, USANomadland2011
4%
Pearl HarborVerdammt in alle Ewigkeit1941
4%
Verschiedene Gassen und Tunnels in New YorkBrennpunkt Brooklyn1971 (zeitgenössisch)
2%
Joliet/ChicagoDer Clou1936
2%
Lower East Side von New York, Lake Tahoe, NevadaDer Pate 21901 - 1925; 1958 - 1959
2%
New York ; Los Angeles, KalifornienDer Stadtneurotiker1977 (zeitgenössisch)
2%
Pfarrei St. Dominic's, New YorkDer Weg zum Glück1944 (zeitgenössisch)
2%
Boone City, OhioDie besten Jahre unseres Lebens1946 (zeitgenössisch)
2%
WestthailandDie Brücke am Kwai1942 - 1943
2%
Clairton, Pennsylvania; Saigon, VietnamDie durch die Hölle gehen1968 - 1975
2%
Paris, FrankreichEin Amerikaner in Paris1951 (zeitgenössisch)
2%
Ein Bordell in Big Whiskey, Wyoming TerritoriumErbarmungslos1881
2%
Die Straße zwischen Miami und New YorkEs geschah in einer Nacht1934 (zeitgenössisch)
2%
Salons und Parks in Paris, FrankreichGigi1890er
2%
Die ausgegrenzte Gemeinde Sparta, MississippiIn der Hitze der Nacht1967 (zeitgenössisch)
2%
Ein Gerichtssaal in New York, NYKramer gegen Kramer1979 (zeitgenössisch)
2%
Ein baufälliges Haus in der Nähe der Columbia Universität, New YorkLebenskünstler1938 (zeitgenössisch)
2%
Eine Metzgerei in der Bronx, New YorkMarty1955 (zeitgenössisch)
2%
Ein Gasthaus in Berlin, DeutschlandMenschen im Hotel1932 (zeitgenössisch)
2%
Atlanta, GeorgiaMiss Daisy und ihr Chauffeur1948 - 1973
2%
Liberty City, Miami, FloridaMoonlight1980er - 2000er
2%
Ein kleines Dorf außerhalb von London, EnglandMrs. Miniver1939 - 1942
2%
Grenze West Texas-Mexiko; El Paso, TexasNo Country For Old Men1980
2%
Messina, Italien; Heidelberg, DeutschlandPatton1943 - 1945
2%
Cincinnati, Ohio; Las Vegas, NevadaRain Man1988 (zeitgenössisch)
2%
Boston, MassachusettsSpotlight2001 - 2003
2%
Hollywood, KalifornienThe Artist1927 - 1932
2%
Anwesen Allworthy, Somerset / London, EnglandTom Jones – Zwischen Bett und Galgen1749
2%
Verschiedene Theater und Umkleideräume in New York, NYAlles über Eva1950 (zeitgenössisch)
1%
Ein windiger Dachboden / ein Gerichtssaal in Paris, FrankreichDas Leben des Emile Zola1878 - 1902
1%
Vaudeville-Theater in Chicago und New YorkDer große Ziegfeld1893 - 1932
1%
Baton Rouge, LouisianaDer Mann, der herrschen wollte1928 - 1935
1%
In und zwischen Kleinstädten in den USADie größte Schau der Welt1952 (zeitgenössisch)
1%
Hampton Court / Tower of London, EnglandEin Mann zu jeder Jahreszeit1532 - 1535
1%
Eine amerikanische Kleinstadt; OstfrankreichFlügel aus Stahl1917 - 1918
1%
Südstaaten der USAGreen Book – Eine besondere Freundschaft1962
1%
Wohnsitz von Maryott in London, EnglandKavalkade1899 -1933
1%
Salzburg, ÖsterreichMeine Lieder - Meine Träume1937 - 1938
1%
Covent Garden / Ascot Racecourse, London, EnglandMy Fair Lady1912
1%
Cherokee-Territorium, OklahomaPioniere des Wilden Westens1893
1%
Manderlay Manor, Cornwall, EnglandRebecca1940 (zeitgenössisch)
1%
Ein kleines Dorf im Rhondda Valley, SüdwalesSchlagende Wetter1890er
1%
Baltimore, MarylandShape of Water – Das Flüstern des Wassers1962
1%
New York, die "eingeschränkte" Gemeinde DarienTabu der Gerechten1947 (zeitgenössisch)
1%
Ein Midtown-Theater in New YorkThe Broadway Melody1929 (contemporary)
1%
Houston, TexasZeit der Zärtlichkeit1950er - 1980er
1%

Verteilung der Resultate

Perzentil nach korrekt beantworteten Fragen

Anzahl Personen mit jedem Resultat

Ihre Resultats-Entwicklung

Sie haben dieses Quiz noch nicht gespielt